DECOLONIAL VOICES, LANGUAGE AND RACE (Record no. 215926)

MARC details
000 -LEADER
fixed length control field 00642nam a22001817a 4500
008 - FIXED-LENGTH DATA ELEMENTS--GENERAL INFORMATION
fixed length control field 250717b |||||||| |||| 00| 0 eng d
020 ## - INTERNATIONAL STANDARD BOOK NUMBER
International Standard Book Number 978-1-80041-348-1
050 ## - LIBRARY OF CONGRESS CALL NUMBER
Classification number P 40 .D 43 2022
100 ## - MAIN ENTRY--PERSONAL NAME
Personal name EDITED BY: SINFREE MAKONI
245 ## - TITLE STATEMENT
Title DECOLONIAL VOICES, LANGUAGE AND RACE
260 ## - PUBLICATION, DISTRIBUTION, ETC.
Place of publication, distribution, etc. BRISTOL,
Name of publisher, distributor, etc. MULTILINGUAL MATTTERS,
Date of publication, distribution, etc. 2022,
300 ## - PHYSICAL DESCRIPTION
Extent IX,118 P. ILL
500 ## - GENERAL NOTE
General note INCLUDES BIBLIOGRAPHICAL REFERENCES AND INDEX
650 ## - SUBJECT ADDED ENTRY
Topical term or geographic name entry element 1. Sociolinguistic 2. Decolonization 3.Education, Higher-Social aspects
700 ## - ADDED ENTRY--PERSONAL NAME
Personal name EDITORS: MAGDA MADANY-SAA, BASSEY E. ANITA, RAFAEL LOMEU GOMES
942 ## - ADDED ENTRY ELEMENTS (KOHA)
Source of classification or shelving scheme Library of Congress Classification
Koha item type Long Loan Book
Holdings
Withdrawn status Lost status Source of classification or shelving scheme Damaged status Not for loan Collection Home library Current library Shelving location Date acquired Inventory number Total checkouts Full call number Barcode Date last seen Copy number Price effective from Koha item type
    Library of Congress Classification     Arts & Social Sciences Kisii University Library Kisii University Library On Display 07/17/2025 109264   P 40 .D43 2022 000000018611 07/17/2025 1 07/17/2025 Long Loan Book
    Library of Congress Classification     Arts & Social Sciences Kisii University Library Kisii University Library On Display 07/17/2025 109265   P 40 .D43 2022 000000018612 07/17/2025 2 07/17/2025 Long Loan Book
    Library of Congress Classification     Arts & Social Sciences Kisii University Library Kisii University Library On Display 07/17/2025 109266   P 40 .D43 2022 000000018613 07/17/2025 3 07/17/2025 Long Loan Book
    Library of Congress Classification     Arts & Social Sciences Kisii University Library Kisii University Library On Display 07/17/2025 109267   P 40 .D43 2022 000000018614 07/17/2025 4 07/17/2025 Long Loan Book
    Library of Congress Classification     Arts & Social Sciences Kisii University Library Kisii University Library On Display 07/17/2025 109268   P 40 .D43 2022 000000017830 07/17/2025 5 07/17/2025 Long Loan Book